000 00336pab a2200145 454500
008 180718b1991 xxu||||| |||| 00| 0 eng d
100 _aMojumdar, Modhumita
245 _aMedia and the casteist divide
260 _c1991
300 _a20-2
362 _a23 Mar.
650 _aScheduled Areas
773 _aMainstream
909 _a18640
999 _c18640
_d18640